Estudio de impacto ambiental. Ampliación Central San Isidro, segunda unidad. Adenda N§ 3
Salvato in:
| Ente Autore: | |
|---|---|
| Natura: | Libro |
| Lingua: | spagnolo |
| Pubblicazione: |
Santiago
INGENDESA
2004
|
| Soggetti: | |
| Tags: |
Aggiungi Tag
Nessun Tag, puoi essere il primo ad aggiungerne!!
|
MARC
| LEADER | 00000nam a2200000 a 4500 | ||
|---|---|---|---|
| 001 | UCK9997 | ||
| 003 | CL-VaPUC | ||
| 008 | 060623e20040800CL |||||||||||||||||spa|d | ||
| 082 | 0 | 4 | |a 363.731 |b ING |2 21 |
| 110 | 2 | |a INGENDESA |e author |9 500006 | |
| 245 | 1 | 0 | |a Estudio de impacto ambiental. Ampliación Central San Isidro, segunda unidad. Adenda N§ 3 |
| 300 | |a 21 p | ||
| 942 | |c BK | ||
| 945 | |d 20060623 00:00:00 |a cmena | ||
| 260 | |a Santiago |b INGENDESA |c 2004 | ||
| 600 | 0 | 7 | |a ENDESA |2 CL-VaPUC |9 500007 |
| 600 | 0 | 7 | |a CENTRAL SAN ISIDRO |2 CL-VaPUC |9 493337 |
| 650 | 0 | |a Impacto ambiental |9 262796 | |
| 650 | 7 | |a CENTRALES HIDROELECTRICAS |2 CL-VaPUC |9 263331 | |
| 650 | 0 | |a Contaminación ambiental |9 314181 | |
| 650 | 0 | |a Protección del medio ambiente |9 257626 | |
| 650 | 0 | |a Responsabilidad social |9 339076 | |
| 651 | 0 | |a Quillota |9 265145 | |
| 583 | |a last modification |c 20060623 00:00:00 |k Rodrigo Vera | ||
| 999 | |c 316995 |d 316993 | ||
| 952 | |0 0 |1 0 |4 0 |6 363_731000000000000_ING_2004 |7 0 |8 P |9 392657 |a BIBING |b BIBING |d 2019-11-22 |i 4237870 |o 363.731 ING 2004 |p 4237870 |r 2025-01-20 |w 2019-11-22 |y BK |k CCL | ||